ბათუმის შოთა რუსთაველის სახელმწიფო უნივერსიტეტის ბიბლიოთეკა

მოციქულთასწორნი წმიდა მეფე მირიანი და წმიდა დედოფალი ნანა / (ბიბ.ჩანაწერი № 60163)

000 -ლიდერი
ფიქსირებული სიგრძის საკონტროლო ველი 01023nam a22001937a 4500
003 - საკონტროლო ნომრის იდენტიფიკატორი
საკონტროლო ველი Ge_BSU
005 - ბოლო ოპერაციის თარიღი და დრო
საკონტროლო ველი 20230614143645.0
008 - ფიქსირებული სიგრძის მონაცემთა ელემენტები - ზოგადი ინფორმაცია
ფიქსირებული სიგრძის საკონტროლო ველი 230614s2011 ge ||||| |||| 00| 0 geo d
041 ## - ენის კოდი
Language code of text/sound track or separate title geo
080 ## - უნივერსალური ათობითი კლასიფიკაციის ინდექსი
Universal Decimal Classification number 27-36(479.22)+929.731(479.22) ნ-59
100 ## - მთავარი ჩანაწერი - პიროვნების სახელი
Personal name ნიაური, მარიამ
9 (RLIN) 18700
245 ## - ცნობა სათაურის შესახებ
Title მოციქულთასწორნი წმიდა მეფე მირიანი და წმიდა დედოფალი ნანა /
Statement of responsibility, etc მარიამ (მარინე) ნიაური.
264 ## - წარმოების, გამოცემის, დისტრიბუციის და სხვა ცნობები
გამოცემის, წარმოების, დისტრიბუციის... ადგილი მცხეთა-სამთავრო,
გამოცემის, წარმოების, დისტრიბუციის... თარიღი 2011.
300 ## - ფიზიკური აღწერა
Extent 35 გვ.:
Other physical details ილ.;
Dimensions 22 სმ.
504 ## - BIBLIOGRAPHY, ETC. NOTE
Bibliography, etc ბიბლიოგრ. ტექსტის შენიშვნებში.
ბიბლიოგრ.: გვ. 34.
653 ## - INDEX TERM--UNCONTROLLED
Uncontrolled term მირიანი (მეფე) ნანა (დედოფალი) ქართველი წმინდანები
653 ## - INDEX TERM--UNCONTROLLED
Uncontrolled term ქართველი მეფეები
942 ## - ADDED ENTRY ELEMENTS (KOHA)
Source of classification or shelving scheme
Koha item type წიგნი
ეგზემპლარები
ჩამოწერის სტატუსი დაკარგული ეგზემპლარის სტატუსი კლასიფიკაციის წყარო ან თაროზე გაწყობის სქემა დაზიანების სტატუსი არ გაიცემა მუდმივი მდებარეობა (დაცვის ადგილი) ამჟამინდელი ადგილსამყოფელი თაროზე განთავსების ადგილი შეძენის თარიღი ღირებულება, შესყიდვის ნორმალური ფასი სრული შენახვის შიფრი შტრიხკოდი ბოლო ოპერაციის თარიღი ეგზემპლარის მიმდევრობითი ნომერი (კეტერი?) Uniform Resource Identifier ფასის ძალაში შესვლის თარიღი ეგზემპლარის სახეობა საჯარო შენიშვნა
          ბათუმის შოთა რუსთაველის სახელმწიფო უნივერსიტეტის მთავარი ბიბლიოთეკა ბათუმის შოთა რუსთაველის სახელმწიფო უნივერსიტეტის მთავარი ბიბლიოთეკა წიგნსაცავი 2023-06-14 4.00 27-36(479.22)+929.731(479.22) ნ-59 64646 2023-06-14 64646 ბსუ-ს საპატიო დოქტორის გურამ ლორთქიფანიძის საჩუქარი 2023-06-14 წიგნი 4 ლ.